[Event "Laval op"]
[Site "Laval CAN"]
[Date "2014.06.20"]
[Round "1"]
[White "Barre, Michel"]
[Black "Libersan, Thierry"]
[Result "0-1"]
[WhiteElo "1977"]
[BlackElo "2103"]
[PlyCount "86"]
[EventDate "2014.06.20"]
[EventType "swiss"]
[EventRounds "5"]
[EventCountry "CAN"]

1. d4 c5 2. e3 Nf6 3. Bd3 g6 4. b3 Bg7 5. Bb2 O-O 6. Nf3 Nc6 7. a3 d6 8. dxc5
dxc5 9. O-O Qc7 10. Nbd2 b6 11. Qe2 Re8 12. Rad1 e5 13. Ne4 Bb7 14. Nfg5 Nxe4
15. Nxe4 Rad8 16. Bb5 h6 17. Ng3 Kh7 18. h4 h5 19. Rxd8 Rxd8 20. Rd1 Rxd1+ 21.
Qxd1 Qe7 22. Bd3 Kg8 23. Be4 Bf6 24. Qf3 Nd8 25. Bxb7 Nxb7 26. Qd5 Nd6 27. Ne4
Nxe4 28. Qxe4 Kg7 29. g3 Kh7 30. a4 Bg7 31. f4 f5 32. Qd5 exf4 33. Bxg7 Qxe3+
34. Kf1 fxg3 35. Bd4 Qxd4 36. Qf7+ Qg7 37. Qd5 Qe7 38. Qc4 Qb7 39. Kg1 Qd7 40.
Kg2 Qc7 41. b4 f4 42. a5 Qb7+ 43. Kg1 f3 0-1

[Event "Laval op"]
[Site "Laval CAN"]
[Date "2014.06.20"]
[Round "1"]
[White "Beauregard, Pascal"]
[Black "Saine, Zachary"]
[Result "1/2-1/2"]
[WhiteElo "1517"]
[BlackElo "1666"]
[PlyCount "79"]
[EventDate "2014.06.20"]
[EventType "swiss"]
[EventRounds "5"]
[EventCountry "CAN"]

1. e4 e5 2. Nf3 Nc6 3. Bb5 Nf6 4. d3 d6 5. O-O Bg4 6. c3 Be7 7. Re1 O-O 8. Nbd2
a6 9. Ba4 b5 10. Bc2 Na5 11. Nf1 c5 12. h3 Bh5 13. Ng3 Bxf3 14. Qxf3 Re8 15.
Be3 Nc6 16. Rad1 Qb6 17. Nf5 Bf8 18. d4 Rad8 19. d5 Nb8 20. Nh6+ gxh6 21. Qxf6
Nd7 22. Qh4 Kh8 23. Bxh6 Bxh6 24. Qxh6 Rg8 25. Rd3 c4 26. Rf3 Rg7 27. Qh4 Rdg8
28. g3 f6 29. Kh2 Qd8 30. Ree3 Rf7 31. Rf5 Qf8 32. Bd1 Qg7 33. Bg4 Nf8 34. Bh5
Ng6 35. Bxg6 Qxg6 36. Ref3 Rgf8 37. g4 a5 38. a3 a4 39. Qh5 Kg7 40. Qh4 1/2-1/2

[Event "Laval op"]
[Site "Laval CAN"]
[Date "2014.06.20"]
[Round "1"]
[White "Fallet, Maurice"]
[Black "Kay, Sang Kil"]
[Result "0-1"]
[WhiteElo "1316"]
[BlackElo "1485"]
[PlyCount "66"]
[EventDate "2014.06.20"]
[EventType "swiss"]
[EventRounds "5"]
[EventCountry "CAN"]

1. d4 e6 2. c4 c5 3. Nf3 cxd4 4. Nxd4 Nc6 5. e3 Nf6 6. Nc3 Bc5 7. Be2 O-O 8.
O-O a6 9. Nxc6 bxc6 10. Bf3 Bb7 11. e4 Qc7 12. Qe2 Ba7 13. e5 Bb8 14. Bf4 Ne8
15. Bg3 Qb6 16. Rad1 Bc8 17. h3 f6 18. Rfe1 fxe5 19. Bxe5 Bxe5 20. Qxe5 Qxb2
21. Rb1 Qc2 22. Qe3 Nd6 23. Be4 Nxe4 24. Nxe4 Qxc4 25. Re2 d5 26. Nd6 Qf4 27.
Qa3 Bd7 28. Rb7 Rfd8 29. Qc5 Qf8 30. Rxd7 Rxd7 31. Rxe6 Rad8 32. Qxc6 Rxd6 33.
Rxd6 Rxd6 0-1

[Event "Laval op"]
[Site "Laval CAN"]
[Date "2014.06.20"]
[Round "1"]
[White "Gauthier, Denis"]
[Black "Nicula, Marius"]
[Result "0-1"]
[WhiteElo "1911"]
[BlackElo "2190"]
[PlyCount "42"]
[EventDate "2014.06.20"]
[EventType "swiss"]
[EventRounds "5"]
[EventCountry "CAN"]

1. d4 e6 2. c4 f5 3. Nf3 Nf6 4. Bf4 Be7 5. e3 b6 6. Bd3 Bb7 7. O-O O-O 8. Nbd2
Nh5 9. Ne5 Nxf4 10. exf4 Nc6 11. Ndf3 Bf6 12. Re1 Ne7 13. Bc2 h6 14. Qe2 Qe8
15. Rad1 Rd8 16. Qe3 Kh8 17. Rd2 Rg8 18. Bb3 g5 19. fxg5 hxg5 20. d5 d6 21.
dxe6 dxe5 0-1

[Event "Laval op"]
[Site "Laval CAN"]
[Date "2014.06.20"]
[Round "1"]
[White "Gunapalan, David"]
[Black "Jacquet, Stephane"]
[Result "0-1"]
[WhiteElo "1895"]
[BlackElo "2017"]
[PlyCount "138"]
[EventDate "2014.06.20"]
[EventType "swiss"]
[EventRounds "5"]
[EventCountry "CAN"]

1. e4 d6 2. d4 Nf6 3. Nc3 g6 4. f3 Bg7 5. Be3 Nbd7 6. Qd2 c5 7. Nge2 a6 8.
O-O-O Qa5 9. g4 b5 10. Kb1 b4 11. Nd5 Nxd5 12. exd5 c4 13. c3 Rb8 14. h4 Nf6
15. cxb4 Qxb4 16. Qxb4 Rxb4 17. Nc3 Bd7 18. a3 Rb6 19. Bxc4 O-O 20. Ka2 Rc8 21.
Bd3 Rxc3 22. bxc3 Nxd5 23. Bd2 Be6 24. c4 Bxd4 25. Rb1 Kg7 26. Rxb6 Nxb6 27.
Rc1 Na4 28. Kb3 Nc5+ 29. Kc2 d5 30. Bc3 Bxc3 31. Kxc3 Nxd3 32. Kxd3 dxc4+ 33.
Kd4 Kf6 34. Re1 h5 35. gxh5 gxh5 36. Re5 Kg6 37. Rg5+ Kh6 38. Ra5 Bc8 39. Kxc4
f6 40. f4 Kg6 41. Rc5 Bd7 42. Kb4 Bh3 43. Ka5 Bf1 44. a4 e6 45. Kb6 Be2 46. a5
Bf1 47. Ka7 Bb5 48. Kb7 Be2 49. Kc7 Bf3 50. Kd6 Bd5 51. Rc7 Kf5 52. Ra7 Bc4 53.
Kc5 Bf1 54. Rf7 Be2 55. Kb6 Bb5 56. Kc5 Kxf4 57. Rxf6+ Ke5 58. Rg6 Be2 59. Rg5+
Kf4 60. Kd6 Bg4 61. Re5 Kg3 62. Kc5 Kxh4 63. Kb6 Kg3 64. Kxa6 h4 65. Kb6 h3 66.
Re1 h2 67. a6 Bf3 68. a7 h1=Q 69. Rxh1 Bxh1 0-1

[Event "Laval op"]
[Site "Laval CAN"]
[Date "2014.06.20"]
[Round "1"]
[White "Joanis, Marc-Andre"]
[Black "Sprumont, Oscar"]
[Result "1-0"]
[WhiteElo "1783"]
[BlackElo "1937"]
[PlyCount "203"]
[EventDate "2014.06.20"]
[EventType "swiss"]
[EventRounds "5"]
[EventCountry "CAN"]

1. Nf3 Nf6 2. c4 g6 3. g3 Bg7 4. Bg2 O-O 5. O-O d5 6. d4 dxc4 7. Na3 c5 8. Nxc4
cxd4 9. Nxd4 a6 10. e3 Qc7 11. Qe2 e5 12. Nb3 e4 13. Bd2 Nc6 14. Rac1 Qe7 15.
Nca5 Ne5 16. h3 Nf3+ 17. Bxf3 exf3 18. Qxf3 Bxh3 19. Rfe1 Ne4 20. Rc4 Nxd2 21.
Nxd2 Be6 22. Rc2 Rab8 23. Rec1 Qb4 24. Nab3 Rfd8 25. Qf4 Qxf4 26. exf4 Bf5 27.
Rc7 Bxb2 28. Re1 Ba3 29. Nc4 Bb4 30. Rc1 Be6 31. Nc5 Bxc5 32. Rxc5 Rbc8 33. Nb6
Rxc5 34. Rxc5 Rd6 35. Nc8 Rd1+ 36. Kg2 Bd5+ 37. Rxd5 Ra1 38. Rd2 b5 39. Ne7+
Kf8 40. Nc6 Rc1 41. Nd4 Rc3 42. Kf1 h5 43. Ke2 Rc8 44. Rd3 Kg7 45. Ra3 Rd8 46.
Ke3 Rd6 47. f3 Kf6 48. Rc3 Kg7 49. a3 Rd7 50. Rc6 Rb7 51. Rxa6 b4 52. axb4 Rxb4
53. Ra7 Rb6 54. Ke4 Rb1 55. f5 g5 56. Ra2 Re1+ 57. Ne2 Kf6 58. Ra6+ Kg7 59. Ke3
Rb1 60. f4 g4 61. Nc3 Rg1 62. Ne2 Rb1 63. f6+ Kg6 64. Nd4 Re1+ 65. Kf2 Rb1 66.
Ne2 Rb3 67. Rd6 Ra3 68. Rd5 Ra6 69. Rg5+ Kh6 70. Rf5 Ra2 71. Ke3 Kg6 72. Rd5
Rc2 73. Rg5+ Kxf6 74. Rxh5 Ra2 75. Rg5 Ra3+ 76. Kf2 Rf3+ 77. Ke1 Ra3 78. Rxg4
Ke7 79. Rg5 Kf6 80. Kf2 Rb3 81. Nd4 Rd3 82. Nf3 Ra3 83. g4 Ke7 84. Re5+ Kf6 85.
Rb5 Rc3 86. Ng5 Kg6 87. Rf5 Rc2+ 88. Kg3 Rc3+ 89. Nf3 Ra3 90. Kf2 f6 91. Rb5
Ra4 92. f5+ Kg7 93. Kg3 Ra3 94. Rb7+ Kg8 95. Rd7 Rb3 96. Kf4 Rb4+ 97. Nd4 Rb1
98. Ne6 Rf1+ 99. Ke4 Rg1 100. Rg7+ Kh8 101. Rg6 Kh7 102. Kd5 1-0

[Event "Laval op"]
[Site "Laval CAN"]
[Date "2014.06.20"]
[Round "1"]
[White "Johnson-Constantin, Matthieu"]
[Black "Zhang, Hou Han"]
[Result "1/2-1/2"]
[WhiteElo "1636"]
[BlackElo "1506"]
[PlyCount "69"]
[EventDate "2014.06.20"]
[EventType "swiss"]
[EventRounds "5"]
[EventCountry "CAN"]

1. d4 Nf6 2. c4 g6 3. Nc3 d5 4. Bf4 Bg7 5. e3 O-O 6. Nf3 Bg4 7. h3 Bxf3 8. Qxf3
c6 9. cxd5 Nxd5 10. Bd3 Nxf4 11. Qxf4 c5 12. Nb5 Nc6 13. Rd1 cxd4 14. O-O e5
15. Qg3 Qe7 16. exd4 Nxd4 17. Nxd4 exd4 18. Rfe1 Qb4 19. Re2 Rfe8 20. Rde1
Qxe1+ 21. Rxe1 Rxe1+ 22. Kh2 h6 23. Qf3 Re7 24. Qd5 Kh7 25. g3 Rc8 26. h4 Rcc7
27. h5 Re5 28. hxg6+ fxg6 29. Bxg6+ Kxg6 30. Qd6+ Bf6 31. Qxc7 Re2 32. Qxb7
Rxf2+ 33. Kg1 Rd2 34. Kf1 d3 35. Qe4+ 1/2-1/2

[Event "Laval op"]
[Site "Laval CAN"]
[Date "2014.06.20"]
[Round "1"]
[White "Lemieux, Serge"]
[Black "Zumsteg, Nicolas"]
[Result "0-1"]
[WhiteElo "1635"]
[BlackElo "1793"]
[PlyCount "20"]
[EventDate "2014.06.20"]
[EventType "swiss"]
[EventRounds "5"]
[EventCountry "CAN"]

1. d4 Nf6 2. e3 e6 3. Bd3 c5 4. c3 Nc6 5. Nd2 d5 6. f4 cxd4 7. exd4 Bd6 8. Ne2
O-O 9. Nf3 Bd7 10. Ng3 Qc7 {Phone ring forfeit} 0-1

[Event "Laval op"]
[Site "Laval CAN"]
[Date "2014.06.20"]
[Round "1"]
[White "Lu, Daisy"]
[Black "Gil, Bernardo"]
[Result "0-1"]
[WhiteElo "1083"]
[BlackElo "1329"]
[PlyCount "70"]
[EventDate "2014.06.20"]
[EventType "swiss"]
[EventRounds "5"]
[EventCountry "CAN"]

1. e4 e5 2. Nf3 Nc6 3. Bc4 Nd4 4. Nxe5 Qg5 5. Bxf7+ Ke7 6. Ng4 Kxf7 7. d3 Qc5
8. c3 Ne6 9. d4 Qb6 10. Ne5+ Ke8 11. Qh5+ g6 12. Nxg6 Nf6 13. Qh4 Rg8 14. Qxf6
Rxg6 15. Qf3 Be7 16. e5 Ng5 17. Qe2 d6 18. exd6 Re6 19. Be3 Bxd6 20. O-O c5 21.
Qh5+ Nf7 22. dxc5 Bxc5 23. Bxc5 Qc7 24. Ba3 Rh6 25. Qe2+ Be6 26. h3 a6 27. Nd2
Ng5 28. Rfe1 Kf7 29. Nf3 Nxh3+ 30. gxh3 Rg8+ 31. Ng5+ Rxg5+ 32. Qg4 Rxg4+ 33.
hxg4 Qh2+ 34. Kf1 Bc4+ 35. Re2 Qh1# 0-1

[Event "Laval op"]
[Site "Laval CAN"]
[Date "2014.06.20"]
[Round "1"]
[White "Maheux, Pierre"]
[Black "St-Cyr, Xavier"]
[Result "0-1"]
[WhiteElo "1734"]
[BlackElo "1556"]
[PlyCount "106"]
[EventDate "2014.06.20"]
[EventType "swiss"]
[EventRounds "5"]
[EventCountry "CAN"]

1. e4 e5 2. Nf3 Nc6 3. d4 exd4 4. Nxd4 Nxd4 5. Qxd4 Qf6 6. e5 Qb6 7. Be3 Qxd4
8. Bxd4 Ne7 9. Bc4 Nc6 10. Bc3 Bb4 11. O-O O-O 12. f4 d6 13. exd6 Bxd6 14. Nd2
Bf5 15. Bb3 b5 16. Bd5 Bc5+ 17. Kh1 Rad8 18. Bxc6 b4 19. Bxb4 Bxb4 20. Ne4 Rd4
21. c3 Bxe4 22. cxd4 Bxc6 23. Rfc1 Be4 24. Rxc7 Bd6 25. Rxa7 Bxf4 26. a4 Rd8
27. Re7 Bc6 28. b4 Bd6 29. Re2 Bxb4 30. Rc2 Bd5 31. a5 Kf8 32. a6 Bd6 33. a7
Ke7 34. Rb2 Kd7 35. Rab1 Ra8 36. Ra1 Bc7 37. Kg1 Kc8 38. g3 Bb7 39. Kf2 Bd5 40.
Re2 Bb6 41. Re8+ Kb7 42. Rb8+ Rxb8 43. axb8=Q+ Kxb8 44. Ke3 Kc7 45. g4 Kd7 46.
Rc1 Bd8 47. Kf4 Ke6 48. Re1+ Kf6 49. g5+ Kg6 50. Ke5 Be6 51. d5 Bc7+ 52. Kd4
Bxd5 53. Kxd5 Bxh2 0-1

[Event "Laval op"]
[Site "Laval CAN"]
[Date "2014.06.20"]
[Round "1"]
[White "Wang, Isabelle"]
[Black "Dimov, Petre"]
[Result "0-1"]
[WhiteElo "888"]
[BlackElo "1198"]
[PlyCount "88"]
[EventDate "2014.06.20"]
[EventType "swiss"]
[EventRounds "5"]
[EventCountry "CAN"]

1. e4 g6 2. Nf3 b6 3. Nc3 Bg7 4. d4 Bb7 5. Bc4 c6 6. O-O Na6 7. h3 h6 8. Be3
Nc7 9. a4 e6 10. b4 d5 11. Bd3 Ne7 12. e5 O-O 13. Qd2 Kh7 14. a5 Nf5 15. Nh2 f6
16. exf6 Qxf6 17. Ng4 Qh4 18. Bxf5 gxf5 19. Nh2 Rg8 20. Nf3 Qh5 21. axb6 Bf6
22. Kh2 axb6 23. Rxa8 Nxa8 24. Ne2 Ba6 25. Rg1 Bxe2 26. Qxe2 Nc7 27. Bf4 Nb5
28. Qd2 Bg5 29. Bxg5 hxg5 30. Ne5 Nd6 31. f3 Nc4 32. Nxc4 dxc4 33. c3 Qg6 34.
g4 f4 35. Qe2 b5 36. Qe4 Ra8 37. Qxc6 Ra2+ 38. Kh1 Qh6 39. Qe4+ Kg7 40. Qe5+
Kf7 41. Qc7+ Kg6 42. Rg3 Qh4 43. Qe5 Ra1+ 44. Kg2 Qxg3# 0-1

[Event "Laval op"]
[Site "Laval CAN"]
[Date "2014.06.20"]
[Round "1"]
[White "Zhu, Hong Rui"]
[Black "Allard, Laurent"]
[Result "1/2-1/2"]
[WhiteElo "2045"]
[BlackElo "1972"]
[PlyCount "117"]
[EventDate "2014.06.20"]
[EventType "swiss"]
[EventRounds "5"]
[EventCountry "CAN"]

1. e4 c5 2. Ne2 d6 3. g3 Nf6 4. Bg2 g6 5. c3 Bg7 6. O-O O-O 7. d4 cxd4 8. cxd4
Nc6 9. Nbc3 Bd7 10. h3 a6 11. Be3 Rc8 12. a3 b5 13. b4 Nb8 14. Qd3 Bc6 15. f4
Nbd7 16. Rad1 Nb6 17. Kh2 Nc4 18. Bc1 e6 19. g4 h6 20. a4 Qd7 21. a5 Nh7 22.
Qg3 f5 23. d5 exd5 24. exf5 gxf5 25. Nxd5 Kh8 26. Nd4 Bxd4 27. Rxd4 Qg7 28.
Rdd1 fxg4 29. hxg4 Nf6 30. g5 hxg5 31. fxg5 Nxd5 32. g6 Qe5 33. Qxe5+ dxe5 34.
Rxf8+ Rxf8 35. Bxd5 Bxd5 36. Rxd5 Rf6 37. Kg3 Kg7 38. Bd2 Nxd2 39. Rxd2 Kxg6
40. Rc2 Kf5 41. Kf3 Rh6 42. Rc5 Rh3+ 43. Kg2 Rb3 44. Rc6 Rxb4 45. Rxa6 Ra4 46.
Ra8 Ke4 47. a6 Ke3 48. Rb8 Rxa6 49. Rxb5 e4 50. Rb3+ Kd2 51. Rb2+ Kc3 52. Rb8
Rd6 53. Re8 Kd3 54. Kf2 Rf6+ 55. Ke1 Ke3 56. Ra8 Rd6 57. Rh8 Kd3 58. Rh3+ e3
59. Rh8 1/2-1/2

[Event "Laval op"]
[Site "Laval CAN"]
[Date "2014.06.21"]
[Round "2"]
[White "Allard, Laurent"]
[Black "Gauthier, Denis"]
[Result "0-1"]
[WhiteElo "1972"]
[BlackElo "1911"]
[PlyCount "62"]
[EventDate "2014.06.20"]
[EventType "swiss"]
[EventRounds "5"]
[EventCountry "CAN"]

1. e4 c5 2. Nf3 Nc6 3. d4 cxd4 4. Nxd4 e6 5. Nb5 d6 6. N1c3 a6 7. Nd4 Nf6 8. f3
Qc7 9. Be3 Ne5 10. Qd2 b5 11. Bd3 Be7 12. O-O-O Nxd3+ 13. Qxd3 Nd7 14. Kb1 Ne5
15. Qf1 O-O 16. h4 Bd7 17. g4 Rac8 18. Qg2 b4 19. Nce2 Nc4 20. Bc1 a5 21. g5 a4
22. h5 e5 23. Nf5 Bxf5 24. exf5 Nxb2 25. Bxb2 Qxc2+ 26. Ka1 a3 27. Bc1 b3 28.
axb3 Rb8 29. Rd2 Qxb3 30. Bxa3 Qxa3+ 31. Ra2 Qb3 0-1

[Event "Laval op"]
[Site "Laval CAN"]
[Date "2014.06.21"]
[Round "2"]
[White "Libersan, Thierry"]
[Black "Joanis, Marc-Andre"]
[Result "1-0"]
[WhiteElo "2103"]
[BlackElo "1783"]
[PlyCount "117"]
[EventDate "2014.06.20"]
[EventType "swiss"]
[EventRounds "5"]
[EventCountry "CAN"]

1. e4 e6 2. d4 d5 3. Nc3 Nf6 4. e5 Nfd7 5. f4 c5 6. Nf3 Nc6 7. Be3 cxd4 8. Nxd4
Bc5 9. Qd2 Bxd4 10. Bxd4 Nxd4 11. Qxd4 Qb6 12. Qd2 a6 13. O-O-O Qc7 14. h4 h5
15. Rh3 g6 16. Kb1 Nb6 17. b3 Bd7 18. a4 Nc8 19. Ne2 Ne7 20. Rc3 Nc6 21. Nd4
Qb6 22. Nxc6 Bxc6 23. Qd4 Qxd4 24. Rxd4 Ke7 25. a5 Rhc8 26. Rb4 f6 27. Rg3 Rg8
28. Bd3 f5 29. Be2 Kf7 30. Rc3 Rgc8 31. Rc5 Ke7 32. Kb2 Kd7 33. Rc3 Ke7 34. Rg3
Kf7 35. Rc3 Ke7 36. Rc5 Kd7 37. Kc3 Ke7 38. Kd4 Kd7 39. Rb6 Rc7 40. Bd3 Rcc8
41. b4 Ra7 42. c3 Rca8 43. b5 axb5 44. Bxb5 Bxb5 45. Rcxb5 Rxa5 46. Rxb7+ Ke8
47. R5b6 R5a6 48. Rd6 Ra4+ 49. Kd3 Rxf4 50. Rxe6+ Kf8 51. Rf6+ Ke8 52. Rxg6 Rg4
53. Rxg4 hxg4 54. h5 Ra2 55. h6 Rxg2 56. h7 Rg3+ 57. Ke2 Rh3 58. h8=Q+ Rxh8 59.
Rb8+ 1-0

[Event "Laval op"]
[Site "Laval CAN"]
[Date "2014.06.21"]
[Round "2"]
[White "Luo, Zhao Yang"]
[Black "Zhu, Hong Rui"]
[Result "0-1"]
[WhiteElo "1955"]
[BlackElo "2045"]
[PlyCount "66"]
[EventDate "2014.06.20"]
[EventType "swiss"]
[EventRounds "5"]
[EventCountry "CAN"]

1. d4 d5 2. Nf3 e6 3. e3 c6 4. Bd3 Bd6 5. O-O f5 6. c4 Nh6 7. Nc3 O-O 8. c5 Bc7
9. b4 a6 10. Bb2 Nd7 11. Ne2 Qe7 12. Qb3 Ng4 13. h3 Nh6 14. a4 g5 15. Ne5 Nxe5
16. dxe5 g4 17. Nf4 Qg5 18. Bd4 Nf7 19. Qb2 h5 20. g3 h4 21. Kg2 hxg3 22. fxg3
gxh3+ 23. Kf2 Nh6 24. Nxh3 Ng4+ 25. Ke2 Qh5 26. Nf4 Qh2+ 27. Ke1 Qxg3+ 28. Kd1
Kf7 29. Qe2 Rh8 30. Bxf5 exf5 31. e6+ Bxe6 32. Bxh8 Rxh8 33. Rf3 Qg1+ 0-1

[Event "Laval op"]
[Site "Laval CAN"]
[Date "2014.06.21"]
[Round "2"]
[White "Nicula, Marius"]
[Black "Turcotte, Jonathan"]
[Result "1-0"]
[WhiteElo "2190"]
[BlackElo "1995"]
[PlyCount "55"]
[EventDate "2014.06.20"]
[EventType "swiss"]
[EventRounds "5"]
[EventCountry "CAN"]

1. Nf3 d5 2. g3 Bg4 3. Bg2 e6 4. c4 c6 5. Qb3 Qb6 6. d3 Nd7 7. Be3 Qxb3 8. axb3
a6 9. h3 Bh5 10. g4 Bg6 11. Nh4 Bb4+ 12. Bd2 Bxd2+ 13. Nxd2 Ne7 14. b4 O-O 15.
f4 f6 16. Nxg6 hxg6 17. h4 Kf7 18. Kf2 Rh8 19. Kg3 e5 20. Rhf1 Ke6 21. Nf3
exf4+ 22. Kxf4 Ne5 23. Nxe5 fxe5+ 24. Kg5 Rhf8 25. h5 gxh5 26. gxh5 dxc4 27.
dxc4 Rf5+ 28. Rxf5 1-0

[Event "Laval op"]
[Site "Laval CAN"]
[Date "2014.06.21"]
[Round "2"]
[White "Sprumont, Oscar"]
[Black "Barre, Michel"]
[Result "1-0"]
[WhiteElo "1937"]
[BlackElo "1977"]
[PlyCount "65"]
[EventDate "2014.06.20"]
[EventType "swiss"]
[EventRounds "5"]
[EventCountry "CAN"]

1. Nf3 d5 2. c4 e6 3. g3 dxc4 4. Qa4+ Nd7 5. Qxc4 a6 6. Bg2 b5 7. Qc2 Bb7 8.
O-O Ngf6 9. b3 Be7 10. Bb2 O-O 11. d3 c5 12. Nbd2 Rc8 13. Rfc1 Qb6 14. Qd1 Rfd8
15. Qe1 h6 16. e3 Nd5 17. Qe2 Bf6 18. d4 Ne7 19. Ne5 Bxe5 20. dxe5 Ng6 21. f4
Ne7 22. Ne4 Nf5 23. g4 Nh4 24. Bh1 Rc7 25. Rd1 Qa7 26. Qf2 Qa8 27. Qxh4 Bxe4
28. Bxe4 Qxe4 29. Qxd8+ Nf8 30. Kf2 Qc2+ 31. Rd2 Rd7 32. Qxf8+ Kxf8 33. Rxc2
1-0

[Event "Laval op"]
[Site "Laval CAN"]
[Date "2014.06.21"]
[Round "2"]
[White "Zumsteg, Nicolas"]
[Black "Huang, Qiuyu"]
[Result "1-0"]
[WhiteElo "1793"]
[BlackElo "1667"]
[PlyCount "59"]
[EventDate "2014.06.20"]
[EventType "swiss"]
[EventRounds "5"]
[EventCountry "CAN"]

1. d4 d5 2. c4 e6 3. Nc3 Nf6 4. Bg5 Nbd7 5. e3 c6 6. Nf3 Qa5 7. a3 dxc4 8. Bxf6
Nxf6 9. Bxc4 Bd6 10. O-O O-O 11. e4 c5 12. e5 cxd4 13. Qxd4 Bc5 14. Qh4 Nd7 15.
b4 Bxb4 16. axb4 Qxb4 17. Ne4 g5 18. Bxe6 Kh8 19. Nfxg5 b6 20. Nxf7+ Rxf7 21.
Bxf7 Bb7 22. e6 Ne5 23. Rxa7 Nxf7 24. Rxb7 Ng5 25. f3 Qd4+ 26. Qf2 Qxf2+ 27.
Rxf2 Nxe4 28. fxe4 Ra1+ 29. Rf1 Rxf1+ 30. Kxf1 1-0

[Event "Laval op"]
[Site "Laval CAN"]
[Date "2014.06.21"]
[Round "3"]
[White "Allard, Laurent"]
[Black "Luo, Zhao Yang"]
[Result "0-1"]
[WhiteElo "1972"]
[BlackElo "1955"]
[PlyCount "91"]
[EventDate "2014.06.20"]
[EventType "swiss"]
[EventRounds "5"]
[EventCountry "CAN"]

1. e4 c6 2. d4 d5 3. Nc3 dxe4 4. Nxe4 Bf5 5. Ng3 Bg6 6. h4 h6 7. Nf3 Nd7 8. h5
Bh7 9. Bd3 Bxd3 10. Qxd3 Ngf6 11. Bd2 e6 12. O-O-O Be7 13. Kb1 O-O 14. Ne2 c5
15. c3 Rc8 16. Bf4 Qb6 17. Ne5 Rfd8 18. Nxd7 Rxd7 19. Qg3 Ne4 20. Qf3 f5 21.
Be5 Qb5 22. Ka1 Rcd8 23. Nf4 cxd4 24. cxd4 Nxf2 25. Qxf2 Qxe5 26. Rhe1 Rxd4 27.
Rxd4 Qxd4 28. Qe2 Qxf4 29. Qxe6+ Kh8 30. Qxe7 Rc8 31. a3 Rc1+ 32. Rxc1 Qxc1+
33. Ka2 Qc4+ 34. Ka1 Qe4 35. Qf7 a5 36. g3 a4 37. Ka2 b6 38. Qg6 b5 39. Ka1 Kg8
40. Ka2 Qd5+ 41. Kb1 Qf7 42. Qc6 Qxh5 43. Qxb5 Qf3 44. Ka2 Qb3+ 45. Qxb3+ axb3+
46. Kxb3 0-1

[Event "Laval op"]
[Site "Laval CAN"]
[Date "2014.06.22"]
[Round "3"]
[White "Barre, Michel"]
[Black "Gunapalan, David"]
[Result "0-1"]
[WhiteElo "1977"]
[BlackElo "1895"]
[PlyCount "78"]
[EventDate "2014.06.20"]
[EventType "swiss"]
[EventRounds "5"]
[EventCountry "CAN"]

1. b3 e5 2. Bb2 Nc6 3. e3 d5 4. Bb5 Bd6 5. Nf3 Qe7 6. c4 Nf6 7. cxd5 Nxd5 8.
Nc3 Be6 9. Bxc6+ bxc6 10. O-O Bg4 11. d3 f5 12. e4 Nf4 13. Ne2 Bxf3 14. gxf3
Qg5+ 15. Ng3 h5 16. Qc2 h4 17. Qxc6+ Ke7 18. Qc2 hxg3 19. fxg3 Ne6 20. Rae1 f4
21. g4 Bc5+ 22. Kh1 Rh3 23. Re2 Rah8 24. a3 Bb6 25. b4 Rg3 26. Rg2 Rhh3 27. Qe2
Bd4 28. Bc1 Qh4 29. Bd2 Rxg2 30. Qxg2 Be3 31. Be1 Qh6 32. Bc3 Nd4 33. Bxd4 Bxd4
34. a4 Qh4 35. Qc2 Ke8 36. Rc1 c5 37. bxc5 Bf2 38. Kg2 Rxh2+ 39. Kf1 Qh3+ 0-1

[Event "Laval op"]
[Site "Laval CAN"]
[Date "2014.06.21"]
[Round "3"]
[White "Blais, Georges"]
[Black "Maheux, Pierre"]
[Result "1-0"]
[WhiteElo "1515"]
[BlackElo "1734"]
[PlyCount "43"]
[EventDate "2014.06.20"]
[EventType "swiss"]
[EventRounds "5"]
[EventCountry "CAN"]

1. d4 c5 2. d5 e5 3. dxe6 fxe6 4. e4 Nc6 5. Nf3 Nf6 6. Nc3 d6 7. Bc4 Na5 8.
Bb5+ Bd7 9. Qe2 Be7 10. e5 Bxb5 11. Qxb5+ Nd7 12. exd6 Bxd6 13. Bg5 Qc7 14.
O-O-O a6 15. Qe2 Kf7 16. Ne4 Bf4+ 17. Kb1 e5 18. Bxf4 exf4 19. Neg5+ Kg6 20.
Qe4+ Kh5 21. Qf5 Raf8 22. Nf7+ 1-0

[Event "Laval op"]
[Site "Laval CAN"]
[Date "2014.06.21"]
[Round "3"]
[White "Gauthier, Denis"]
[Black "Desjardins, Michel"]
[Result "1-0"]
[WhiteElo "1911"]
[BlackElo "1957"]
[PlyCount "80"]
[EventDate "2014.06.20"]
[EventType "swiss"]
[EventRounds "5"]
[EventCountry "CAN"]

1. d4 d5 2. c4 dxc4 3. e4 e5 4. Nf3 exd4 5. Bxc4 Nc6 6. O-O Be6 7. Bb5 Bc5 8.
Nbd2 Nge7 9. Nb3 Bxb3 10. Qxb3 O-O 11. Bg5 Qd6 12. Bh4 Bb6 13. a3 a6 14. Bd3 h6
15. Bg3 Qd7 16. Nd2 Rab8 17. Rac1 Ng6 18. Nc4 Ba7 19. Qc2 Rfe8 20. f4 Rbc8 21.
e5 b5 22. Nd2 Nd8 23. Kh1 Ne7 24. f5 Nd5 25. Qd1 Ne3 26. Qh5 Nxf1 27. Rxf1 c5
28. f6 Re6 29. Bf5 Rcc6 30. fxg7 Kxg7 31. Rf4 Qe7 32. Rg4+ Kh8 33. Nf3 Qf8 34.
Bxe6 Rxe6 35. Bh4 Nc6 36. Bf6+ Rxf6 37. exf6 d3 38. Rg7 Qxg7 39. fxg7+ Kxg7 40.
Qg4+ Kh7 1-0

[Event "Laval op"]
[Site "Laval CAN"]
[Date "2014.06.21"]
[Round "3"]
[White "Zhu, Hong Rui"]
[Black "Jacquet, Stephane"]
[Result "1-0"]
[WhiteElo "2045"]
[BlackElo "2017"]
[PlyCount "121"]
[EventDate "2014.06.20"]
[EventType "swiss"]
[EventRounds "5"]
[EventCountry "CAN"]

1. e4 d6 2. d4 Nf6 3. Nc3 g6 4. Nf3 Bg7 5. Be2 O-O 6. O-O Nc6 7. h3 a6 8. Re1
b5 9. a3 e5 10. Bg5 h6 11. Be3 Bb7 12. Qd2 Kh7 13. Rad1 Qe7 14. dxe5 Nxe5 15.
Nxe5 dxe5 16. Bf3 Rfd8 17. Qe2 Rxd1 18. Rxd1 Rd8 19. b4 Rxd1+ 20. Qxd1 Qd7 21.
Qd3 Bf8 22. Kh2 Qxd3 23. cxd3 c5 24. bxc5 Nd7 25. Bd1 Bxc5 26. Bxc5 Nxc5 27.
Bc2 Bc6 28. f3 a5 29. Ne2 b4 30. axb4 axb4 31. d4 b3 32. dxc5 bxc2 33. Kg3 g5
34. Kf2 Kg6 35. Ke3 Kf6 36. Kd2 Ba4 37. Nc3 Bb3 38. Nd5+ Ke6 39. Ne3 Kd7 40.
Ng4 Kc6 41. Nxe5+ Kxc5 42. Ng4 h5 43. Ne5 c1=Q+ 44. Kxc1 Kd4 45. Nd7 Ke3 46.
Nf6 Bc4 47. Nxh5 Bf1 48. g3 Kxf3 49. h4 g4 50. Nf6 Kxg3 51. h5 Kf4 52. h6 g3
53. Nh5+ Kg5 54. h7 Kxh5 55. h8=Q+ Kg4 56. Qf6 g2 57. Qxf7 Kg3 58. Qg7+ Kh2 59.
Qe7 Kh1 60. Qh4+ Kg1 61. e5 1-0

[Event "Laval op"]
[Site "Laval CAN"]
[Date "2014.06.22"]
[Round "4"]
[White "Barre, Michel"]
[Black "Allard, Michel"]
[Result "1/2-1/2"]
[WhiteElo "1977"]
[BlackElo "1972"]
[PlyCount "71"]
[EventDate "2014.06.20"]
[EventType "swiss"]
[EventRounds "5"]
[EventCountry "CAN"]

1. d4 Nf6 2. Nf3 g6 3. g3 Bg7 4. c4 d6 5. Bg2 O-O 6. Nc3 c5 7. O-O Nbd7 8. Qc2
Rb8 9. Rd1 a6 10. a4 b6 11. b3 Bb7 12. d5 Ne8 13. Bb2 Bc8 14. e4 Nc7 15. Nh4 b5
16. axb5 axb5 17. Nf3 bxc4 18. bxc4 Ba6 19. Bf1 Ne5 20. Nd2 Rb4 21. Ba3 Rb7 22.
Rdb1 Rxb1 23. Rxb1 Qa8 24. Na4 Nd7 25. Bb2 Bxb2 26. Rxb2 Rb8 27. Rxb8+ Qxb8 28.
Qb2 Qxb2 29. Nxb2 Nb6 30. f4 Bc8 31. Kf2 Na6 32. Ke3 Nb4 33. Nd1 f6 34. Nc3 Kf7
35. Nb5 Bd7 36. Nb3 1/2-1/2